000 00368nam a22001457a 4500
999 _c3798
_d3798
008 200701b ||||| |||| 00| 0 eng d
020 _a0713135077
082 0 0 _a621.3815
_bG4481
100 _93138
_aGibson, R.
245 1 0 _aElectronic logic circuits /
_cby R. Gibson
260 _aLondon
_bELBS
_c1983
300 _avi, 122 p.
650 0 _aLogic circuits
942 _cBK